[Event "WchT Seniors 50"]
[Site "Rhodes"]
[Date "2019.04.18"]
[Round "3.10"]
[White "Smith, Peter R"]
[Black "Barboza, Mauro"]
[Result "1/2-1/2"]
[WhiteElo "2038"]
[BlackElo "1873"]
[PlyCount "135"]
[EventDate "2019.04.16"]
[EventType "team-swiss"]
[EventRounds "9"]
[EventCountry "GRE"]
[SourceTitle "CBM 190 Extra"]
[Source "ChessBase"]
[SourceDate "2019.07.15"]
[SourceVersion "1"]
[SourceVersionDate "2019.07.15"]
[SourceQuality "1"]
[WhiteTeam "Scotland"]
[BlackTeam "Uruguay"]
[WhiteTeamCountry "SCO"]
[BlackTeamCountry "URU"]

1. Nf3 Nf6 2. c4 e6 3. b3 d5 4. Bb2 Be7 5. g3 0-0 6. Bg2 c6 7. 0-0 Nbd7 8. d3 Rb8 9. Nbd2 Qa5 10. a3 dxc4 11. bxc4 Qh5 12. a4 e5 13. Qc2 Re8 14. a5 a6 15. Ba3 Bxa3 16. Rxa3 Nc5 17. Rb1 e4 18. Nxe4 Ncxe4 19. dxe4 Rxe4 20. Rd1 Re8 21. Qd2 Bg4 22. Qf4 Rbd8 23. Rxd8 Rxd8 24. Ra1 Qc5 25. Qc7 Re8 26. Qxb7 Rxe2 27. Qb6 Qxc4 28. Nd4 Qc3 29. Nxe2 Qxa1+ 30. Bf1 h5 31. Qxa6 Bh3 32. Nf4 Bxf1 33. Qxf1 Qxa5 34. Qc4 Qb5 35. Qc2 g6 36. Nxg6 Nd5 37. Ne5 Ne7 38. Nd7 Nd5 39. Qf5 Qb2 40. Qg5+ Kh8 41. Qxh5+ Kg7 42. Qg5+ Kh8 43. Qe5+ Qxe5 44. Nxe5 c5 45. Nxf7+ Kg7 46. Nd6 Nc3 47. Kf1 Kf6 48. h4 Ke5 49. h5 Nd5 50. h6 Nf6 51. Nb5 Ke4 52. Ke2 Kf5 53. Nd6+ Kg6 54. Kf3 Kxh6 55. Kf4 Kg6 56. Nc4 Nd5+ 57. Ke5 Nc3 58. f4 Ne2 59. f5+ Kg5 60. f6 Kg6 61. g4 Nd4 62. Nd6 Nf3+ 63. Ke6 Nd4+ 64. Kd5 Kxf6 65. Ne4+ Kg6 66. Kxc5 Nf3 67. Kd6 Nh2 68. Ke5 1/2-1/2

[Event "Montevideo Nazzari Memorial"]
[Site "Montevideo"]
[Date "2019.03.25"]
[Round "7"]
[White "Barboza, Mauro"]
[Black "Busca, Joaquin"]
[Result "0-1"]
[WhiteElo "1852"]
[BlackElo "1831"]
[PlyCount "66"]
[EventDate "2019.03.11"]
[EventType "swiss"]
[EventRounds "7"]
[EventCountry "URU"]
[SourceTitle "CBM 189 Extra"]
[Source "ChessBase"]
[SourceDate "2019.06.03"]
[SourceVersion "1"]
[SourceVersionDate "2019.06.03"]
[SourceQuality "1"]

1. e4 c6 2. Nf3 d5 3. Nc3 dxe4 4. Nxe4 Nf6 5. Ng3 g6 6. d4 Bg7 7. Bc4 0-0 8. c3 Bg4 9. h3 Bxf3 10. Qxf3 Nbd7 11. h4 e5 12. h5 exd4 13. hxg6 hxg6 14. cxd4 Nb6 15. Bb3 Re8+ 16. Ne2 Qxd4 17. 0-0 Qe4 18. Qxe4 Nxe4 19. Nf4 Nc5 20. Bc2 Nc4 21. Rb1 Rad8 22. b4 Ne4 23. Re1 Nc3 24. Rxe8+ Rxe8 25. Kf1 Nxb1 26. Bxb1 Bc3 27. Ne2 Nd2+ 28. Bxd2 Bxd2 29. Bc2 b6 30. g3 a5 31. a3 axb4 32. axb4 Re4 33. Bb3 Bxb4 0-1